| 000 | 00422 a2200145 4500 | ||
|---|---|---|---|
| 020 | _a1844080420 | ||
| 082 | _a823.912 | ||
| 090 |
_c4930 _d4930 |
||
| 100 | _aDu Maurier, Daphne | ||
| 245 |
_aThe house on the strand _cDaphne Du Maurier, |
||
| 260 | _aLondon: Virago Press, 1969. | ||
| 300 | _axvii, 329 p. ; 22 cm. | ||
| 650 | _a 1.Time travel --Fiction.2.Cornwall (England : County) --Fiction. | ||
| 942 |
_cBK _k823.912 DUM |
||
| 999 |
_c8807 _d8807 |
||